Hledání limitů a příležitostí v procesu supervize u studentů sociální práce
Ciele a funkcie supervízie. Krátkodobé a dlhodobé ciele. Vzdelávacia, podporná a kontrolná funkcia supervízie. Supervízia odbornej praxe študentov sociálnej práce. Riziká, s ktorými sa študenti môžu stretnúť počas odbornej praxe.
Uložené v:
| Hlavný autor: | |
|---|---|
| Ďalší autori: | |
| Médium: | Kapitola |
| Jazyk: | Czech |
| Predmet: | |
| Tagy: |
Žiadne tagy, Buďte prvý, kto otaguje tento záznam!
|
MARC
| LEADER | 00000nla a2200000 4500 | ||
|---|---|---|---|
| 001 | 0221009 | ||
| 005 | 20240417075108.3 | ||
| 041 | 0 | |a cze | |
| 044 | |a CZ | ||
| 245 | 1 | 0 | |a Hledání limitů a příležitostí v procesu supervize u studentů sociální práce |c Dagmar Dvořáčková, Adéla Mojžíšová |
| 520 | |a Ciele a funkcie supervízie. Krátkodobé a dlhodobé ciele. Vzdelávacia, podporná a kontrolná funkcia supervízie. Supervízia odbornej praxe študentov sociálnej práce. Riziká, s ktorými sa študenti môžu stretnúť počas odbornej praxe. | ||
| 610 | 2 | 0 | |a práca sociálna |
| 610 | 2 | 0 | |a pracovníci sociálni |
| 610 | 2 | 0 | |a vzdelávanie |
| 610 | 2 | 0 | |a študenti |
| 610 | 2 | 0 | |a supervízia |
| 610 | 2 | 0 | |a prax odborná |
| 100 | 1 | |a Dvořáčková, Dagmar | |
| 700 | 1 | |a Mojžíšová, Adéla | |